| 000 | 00529nam a2200157 a 4500 | ||
|---|---|---|---|
| 001 | 000039725 | ||
| 005 | 20201002033711.0 | ||
| 008 | 130718s1978 xxua 000 0 spa d | ||
| 040 |
_aDO-SdBNP _bspa _cBNPHU |
||
| 100 | 1 |
_aBrown, Jonathan _965917 |
|
| 245 | 1 | 0 |
_aImages and ideas in seventeenth-century spanish painting / _cJonathan Brown. |
| 260 |
_aNew Jersey : _bPrinceton University Press, _c1978. |
||
| 300 |
_a168 p. : _bils. ; _c24 cm. |
||
| 500 | _aIncluye notas al pie de las páginas | ||
| 504 | _aBibliografĂa : p. 149-160 | ||
| 999 |
_c39215 _d39215 |
||